[Event "Michigan Class B"]
[Site "Grand Rapids, MI"]
[Date "1998.??.??"]
[Round "?"]
[White "Brumley, Ron"]
[Black "Barta, Roger"]
[Result "1-0"]
[WhiteElo "1645"]
[BlackElo "1705"]
[PlyCount "83"]
[EventDate "1998.01.??"]

1. c4 Nf6 2. Nf3 e6 3. g3 d5 4. cxd5 exd5 5. Bg2 Be7 6. O-O O-O 7. d3 c5 8. b3
Nc6 9. Bb2 Qc7 10. Nbd2 Rd8 11. Rc1 b6 12. h3 Bb7 13. Nh2 Ne5 14. f4 Ng6 15. e3
Rac8 16. Ndf3 Bd6 17. Qe2 Ba6 18. Ne1 Ne4 19. Qg4 Qe7 20. dxe4 Bxf1 21. exd5
Bxg2 22. Nxg2 Qe4 23. Qf3 Qxf3 24. Nxf3 Be7 25. e4 f6 26. Ne3 Kf7 27. Kf2 h6
28. Ke2 Nf8 29. Nf5 a6 30. Ke3 h5 31. Rd1 g6 32. Nxe7 Kxe7 33. Rc1 Nd7 34. e5
fxe5 35. fxe5 Nf8 36. Ke4 Kf7 37. Ng5+ Ke8 38. e6 Ke7 39. Ke5 Nd7+ 40. exd7
Rxd7 41. Ne4 Re8 42. Nf6 1-0

[Event "Michigan Junior Invitational"]
[Site "Ann Arbor, MI"]
[Date "1998.??.??"]
[Round "?"]
[White "Brumley, Ron"]
[Black "Ashton, Jeff"]
[Result "0-1"]
[WhiteElo "1755"]
[BlackElo "2155"]
[PlyCount "52"]
[EventDate "1998.??.??"]

{6/28} 1. d4 d5 2. Nf3 Nf6 3. Nbd2 c5 4. e3 Nc6 5. c3 e6 6. Bd3 Bd6 7. O-O O-O
8. dxc5 Bxc5 9. e4 e5 10. Qc2 h6 11. exd5 Nxd5 12. Nc4 Bd6 13. Re1 Qf6 14. a4
Bc7 15. Be3 Be6 16. Bc5 Rfd8 17. Be4 Rac8 18. Ba3 Rd7 19. b4 Nf4 20. Bxc6 bxc6
21. Ncxe5 Bxe5 22. Nxe5 Qg5 23. g3 Rd2 24. h4 Nh3+ 25. Kf1 Rxc2 26. hxg5 Rxf2#
0-1

[Event "Michigan Senior"]
[Site "Ann Arbor, MI"]
[Date "1998.??.??"]
[Round "?"]
[White "Brown, Ralph"]
[Black "Steen, Harold"]
[Result "1-0"]
[WhiteElo "1610"]
[BlackElo "1685"]
[PlyCount "137"]
[EventDate "1998.06.??"]

{6/14} 1. d4 Nf6 2. Nf3 g6 3. c4 Bg7 4. Nc3 O-O 5. e4 d6 6. h3 Nbd7 7. Bd3 e5
8. d5 h6 9. b4 a5 10. b5 Nc5 11. Bc2 b6 12. a4 Nh7 13. Ba3 f5 14. Bxc5 bxc5 15.
Nd2 Qg5 16. O-O f4 17. Nf3 Qf6 18. Rb1 Rb8 19. Qd2 g5 20. Nh2 h5 21. Bd1 Qg6
22. f3 Nf6 23. Ne2 g4 24. hxg4 hxg4 25. fxg4 Bxg4 26. Nc3 Bxd1 27. Rbxd1 Nh5
28. Rf3 Ng3 29. Qd3 Qh5 30. Ne2 Nxe2+ 31. Qxe2 Rf6 32. Rf2 Qh7 33. Rd3 Rh6 34.
g3 Rf8 35. Rdf3 Rg6 36. g4 Rg5 37. Rg2 Rf6 38. Qf2 Qxe4 39. Qc2 Qxc2 40. Rxc2
e4 41. Rb3 f3 42. Kf2 Rh6 43. Ke3 Re5 44. b6 cxb6 45. Rxb6 Bf6 46. Kf4 Bg5+ 47.
Kg3 Bh4+ 48. Kf4 f2 49. Rxd6 Rxd6 50. Kxe5 Bg3+ 51. Kxe4 Bxh2 52. Rxf2 Bg1 53.
Rd2 Kf7 54. Rg2 Bd4 55. g5 Kg6 56. Kf4 Rd7 57. Kg4 Rf7 58. Re2 Rb7 59. Re6+ Kg7
60. Kf5 Rf7+ 61. Ke4 Rb7 62. d6 Kf7 63. Kd5 Rd7 64. g6+ Kf8 65. Kc6 Ra7 66. Kb6
Rd7 67. Kxa5 Bf2 68. Kb6 Bg3 69. Kxc5 1-0

[Event "Michigan Senior"]
[Site "Ann Arbor, MI"]
[Date "1998.??.??"]
[Round "?"]
[White "Brown, Ralph"]
[Black "Richter, William"]
[Result "0-1"]
[WhiteElo "1610"]
[BlackElo "1685"]
[PlyCount "77"]
[EventDate "1998.06.??"]

{6/13} 1. d4 d5 2. c4 dxc4 3. e3 Nf6 4. Bxc4 c6 5. Nf3 Bg4 6. Qb3 e6 7. Qxb7
Nbd7 8. Ba6 Bxf3 9. gxf3 Be7 10. Qxc6 O-O 11. Bd2 Rb8 12. Qc2 Nd5 13. Bd3 g6
14. a3 e5 15. e4 N5f6 16. d5 Rc8 17. Qd1 Nc5 18. Be3 Nh5 19. Nc3 Bh4 20. Bc2
Qf6 21. b4 Nd7 22. Nb5 Nb6 23. Nxa7 Rxc2 24. Qxc2 Qxf3 25. Rf1 Qxe3+ 26. Kd1
Qd4+ 27. Ke2 Nf4+ 28. Kf3 f5 29. Rad1 fxe4+ 30. Kg4 Qc4 31. Qxc4 Nxc4 32. Nc6
g5 33. Ne7+ Kh8 34. Ng6+ Nxg6 35. f4 Ne3+ 36. Kh3 Nxf1 37. Rxf1 Nxf4+ 38. Rxf4
exf4 39. Kg4 0-1

[Event "Michigan Amateur"]
[Site "Kalamazoo "]
[Date "1998.??.??"]
[Round "?"]
[White "Brown, Dan"]
[Black "Johnson, Donta"]
[Result "1-0"]
[WhiteElo "1850"]
[BlackElo "1605"]
[PlyCount "73"]
[EventDate "1998.07.??"]

{7/18} 1. e4 e5 2. Nf3 Nc6 3. Bc4 Be7 4. O-O Nf6 5. Nc3 O-O 6. a3 b6 7. d3 Bb7
8. h3 d6 9. Be3 Kh8 10. Ng5 Qe8 11. f4 Nd7 12. Nd5 Rc8 13. Nxe7 Qxe7 14. Qh5
Nf6 15. Nxf7+ Rxf7 16. Qxf7 Qxf7 17. Bxf7 Nd4 18. Bxd4 exd4 19. e5 Nd5 20. Bxd5
Bxd5 21. Rae1 dxe5 22. Rxe5 Bb7 23. Rfe1 Bc6 24. g3 h6 25. Kf2 Rf8 26. h4 Kh7
27. h5 a5 28. Re7 Rc8 29. R1e5 Kg8 30. g4 Kf8 31. Kg3 Re8 32. Rxc7 Rxe5 33.
fxe5 Be8 34. Kf4 b5 35. e6 b4 36. axb4 axb4 37. Ke5 1-0

[Event "Michigan Amateur"]
[Site "Kalamazoo "]
[Date "1998.??.??"]
[Round "?"]
[White "Brown, Dan"]
[Black "Belill, Nathan"]
[Result "1-0"]
[WhiteElo "1850"]
[BlackElo "1605"]
[PlyCount "135"]
[EventDate "1998.07.??"]

{7/19} 1. e4 c5 2. Nc3 d6 3. g3 Nf6 4. Bg2 Nc6 5. Nge2 e6 6. O-O Be7 7. d3 Bd7
8. f4 Qc7 9. a3 a6 10. Rb1 O-O 11. h3 Rfb8 12. b4 cxb4 13. axb4 Rc8 14. Be3 d5
15. b5 axb5 16. exd5 Nxd5 17. Nxd5 exd5 18. Kh2 d4 19. Nxd4 Nxd4 20. Bxd4 Ra2
21. c3 Qc6 22. Rf2 Rxf2 23. Bxf2 Qxc3 24. Bxb7 Qc2 25. Kg1 Qxd1+ 26. Rxd1 Rb8
27. Bg2 b4 28. d4 b3 29. g4 f5 30. Rb1 Rb4 31. Rxb3 Rxb3 32. Bd5+ Kf8 33. Bxb3
fxg4 34. hxg4 Bxg4 35. Kg2 Bd6 36. Bg3 Ke7 37. Kf2 g6 38. Bh4+ Kd7 39. Ke3 Bf5
40. Bg5 h5 41. Ba4+ Ke6 42. Bc6 Kf7 43. Be4 Be6 44. d5 Bxf4+ 45. Kxf4 Bxd5 46.
Bxd5+ Kg7 47. Ke5 h4 48. Bxh4 Kh6 49. Bf3 g5 50. Bg3 Kg6 51. Bg4 Kf7 52. Kf5
Ke7 53. Kxg5 Kf7 54. Bd6 Ke8 55. Be6 Kd8 56. Kf6 Ke8 57. Ke5 Kd8 58. Bf7 Kd7
59. Kd5 Kc8 60. Be8 Kd8 61. Bc6 Kc8 62. Be7 Kc7 63. Kc5 Kc8 64. Kb6 Kb8 65. Bd7
Ka8 66. Bf6 Kb8 67. Be5+ Ka8 68. Bc6# 1-0

[Event "Michigan Class D/E"]
[Site "Grand Rapids, MI"]
[Date "1998.??.??"]
[Round "?"]
[White "Brooks, D."]
[Black "Vaughn, Gerald"]
[Result "1-0"]
[WhiteElo "1605"]
[BlackElo "1605"]
[PlyCount "73"]
[EventDate "1998.01.??"]

1. d4 d5 2. Nf3 c5 3. c3 Nc6 4. e3 Nf6 5. Bd3 cxd4 6. exd4 e6 7. O-O h6 8. Nbd2
Bd6 9. Re1 Bd7 10. Ne5 Qc7 11. Ndf3 Ne7 12. Bf4 Rf8 13. Nxd7 Qxd7 14. Ne5 Qc7
15. Bb5+ Nc6 16. Qa4 Rc8 17. h3 a6 18. Bd3 g5 19. Bh2 Nd7 20. Nf3 Bxh2+ 21.
Nxh2 Rg8 22. Qd1 Nf6 23. Qf3 Qe7 24. Ng4 Nxg4 25. Qxg4 Kd7 26. Re3 Rh8 27. c4
dxc4 28. Bxc4 Ne5 29. dxe5 Qc5 30. Rc1 Kc7 31. Rec3 Kb8 32. Bxe6 Qxe5 33. Bxc8
h5 34. Qd7 Qe4 35. f3 Qb4 36. Rb3 Rd8 37. Qxd8 1-0

[Event "Michigan Class D/E"]
[Site "Grand Rapids, MI"]
[Date "1998.??.??"]
[Round "?"]
[White "Brooks, D."]
[Black "Sinke, Brian"]
[Result "0-1"]
[WhiteElo "1605"]
[BlackElo "1605"]
[PlyCount "84"]
[EventDate "1998.01.??"]

1. d4 Nf6 2. e3 d5 3. Bd3 b6 4. Nf3 Ba6 5. Bxa6 Nxa6 6. c3 c5 7. O-O e6 8. Nbd2
Bd6 9. Re1 O-O 10. e4 dxe4 11. Nxe4 Nxe4 12. Rxe4 Qc7 13. Rh4 f6 14. Qd3 g5 15.
Rh6 Qg7 16. Rh3 Nc7 17. Rh5 Qg6 18. Qxg6+ hxg6 19. dxc5 Bxc5 20. Rh3 g4 21. Rg3
gxf3 22. Rxf3 Kg7 23. Rh3 Rh8 24. Rd3 Rhd8 25. Rxd8 Rxd8 26. Bf4 e5 27. Bg3 Rd2
28. b4 Bd6 29. Kf1 Kf7 30. f3 Nd5 31. Bf2 Nxc3 32. Be1 Rd1 33. Rxd1 Nxd1 34. b5
Ne3+ 35. Kf2 Bc5 36. Kg3 Ke6 37. f4 exf4+ 38. Kxf4 Nxg2+ 39. Ke4 Nxe1 40. a4
f5+ 41. Kf4 Bd6+ 42. Kg5 Bxh2 0-1

[Event "Michigan Class C"]
[Site "Grand Rapids, MI"]
[Date "1998.??.??"]
[Round "?"]
[White "Brnks, K."]
[Black "Avery, Bill"]
[Result "1-0"]
[WhiteElo "1605"]
[BlackElo "1605"]
[PlyCount "101"]
[EventDate "1998.01.??"]

1. d4 Nf6 2. Bg5 e6 3. e4 Be7 4. Nd2 O-O 5. Bd3 d5 6. e5 Nfd7 7. Bxe7 Qxe7 8.
f4 c5 9. c3 Nc6 10. Ngf3 cxd4 11. cxd4 Qb4 12. Qb3 Qb6 13. a3 Nxd4 14. Qxb6
Nxf3+ 15. Nxf3 Nxb6 16. O-O Bd7 17. Nd4 Rac8 18. Rac1 Rxc1 19. Rxc1 Rc8 20.
Rxc8+ Nxc8 21. b3 a6 22. g4 Ne7 23. Kf2 f6 24. exf6 gxf6 25. Nf3 h6 26. h4 Nc6
27. g5 hxg5 28. fxg5 fxg5 29. hxg5 e5 30. Nh4 e4 31. Be2 Nd4 32. Bd1 Kg7 33.
Ke3 Nf5+ 34. Nxf5+ Bxf5 35. Kd4 Be6 36. Ke5 Bf7 37. Kf5 Kf8 38. g6 Bg8 39. Kf6
Ke8 40. Kg7 Be6 41. Kf6 Kd7 42. g7 Kd6 43. Bh5 d4 44. Bf7 Bxf7 45. Kxf7 e3 46.
g8=Q e2 47. Qg3+ Kd5 48. Qf3+ Kc5 49. Qxe2 Kd5 50. Qe6+ Kc5 51. Qc4+ 1-0

[Event "Michigan Class C"]
[Site "Grand Rapids, MI"]
[Date "1998.??.??"]
[Round "?"]
[White "Brinks, K."]
[Black "Jensen, D."]
[Result "0-1"]
[WhiteElo "1605"]
[BlackElo "1605"]
[PlyCount "60"]
[EventDate "1998.01.??"]

1. d4 Nf6 2. Bg5 e6 3. e4 Be7 4. Nd2 d5 5. e5 Nfd7 6. Be3 c5 7. c3 Nc6 8. f4
cxd4 9. cxd4 Nb6 10. a3 Bd7 11. Bd3 Na5 12. b4 Nac4 13. Nxc4 Nxc4 14. Bxc4 dxc4
15. Qg4 g6 16. Ne2 Bc6 17. h4 h5 18. Qh3 Qd5 19. Kf2 Qe4 20. Rhc1 b5 21. Nc3
Qd3 22. Ra2 Rd8 23. Rd2 Qf5 24. Qxf5 gxf5 25. Ra1 Bxh4+ 26. g3 Be7 27. Rb2 h4
28. gxh4 Rxh4 29. Kg3 Rg4+ 30. Kh2 Kd7 0-1

[Event "Lansing Mini-Swiss.2"]
[Site "Lansing, MI"]
[Date "1998.??.??"]
[Round "?"]
[White "Brauker, J."]
[Black "Robinson, Erik"]
[Result "1/2-1/2"]
[WhiteElo "1605"]
[BlackElo "1605"]
[PlyCount "94"]
[EventDate "1998.??.??"]

1. d4 Nf6 2. c4 g6 3. Nc3 d5 4. cxd5 Nxd5 5. e4 Nxc3 6. bxc3 Bg7 7. Bc4 c5 8.
Ne2 cxd4 9. cxd4 Nc6 10. Be3 Qa5+ 11. Bd2 Qd8 12. Bc3 Qc7 13. O-O O-O 14. Rc1
Rd8 15. Qb3 e6 16. Rfd1 a6 17. a4 Na5 18. Bxa5 Qxa5 19. d5 exd5 20. exd5 Rd6
21. Ng3 Bd7 22. Qxb7 Rd8 23. Bb3 Be5 24. Qc7 Rxd5 25. Rxd5 Bxc7 26. Rxa5 Bxa5
27. Kf1 Rb8 28. Rb1 Be6 29. Bc2 Rxb1+ 30. Bxb1 Bb3 31. Bd3 Bxa4 32. Bxa6 Bc7
33. h3 Kg7 34. Ne2 Kf6 35. Bc4 Bd7 36. f3 Be6 37. Bd3 Ke5 38. Kf2 f5 39. Ke3
Bb6+ 40. Kd2 Ba5+ 41. Ke3 Bb6+ 42. Kd2 f4 43. Bb5 Ba5+ 44. Kd3 Bf5+ 45. Kc4 Kf6
46. Nxf4 Kg5 47. Ne2 Kh4 1/2-1/2

[Event "Lansing Mini-Swiss.2"]
[Site "Lansing, MI"]
[Date "1998.??.??"]
[Round "?"]
[White "Brauker, J."]
[Black "Collazo, C."]
[Result "0-1"]
[WhiteElo "1605"]
[BlackElo "1605"]
[PlyCount "88"]
[EventDate "1998.??.??"]

1. d4 g6 2. e4 Bg7 3. f4 d6 4. Nf3 Bg4 5. Be3 Nf6 6. Nc3 Nfd7 7. h3 Bxf3 8.
gxf3 Nb6 9. Qd2 N8d7 10. h4 e5 11. fxe5 dxe5 12. d5 Nf6 13. O-O-O O-O 14. Bg5
a6 15. Be2 Qe8 16. Bxf6 Bxf6 17. h5 g5 18. Rdg1 h6 19. f4 exf4 20. Qxf4 Qe5 21.
Qxe5 Bxe5 22. Rf1 Rad8 23. Bg4 Bf4+ 24. Kb1 Nc4 25. Re1 Rfe8 26. Re2 Re7 27. b3
Nd6 28. Rf1 Rde8 29. Bf3 Be5 30. Nd1 Bf4 31. Nf2 Nb5 32. Ng4 Nc3+ 33. Kb2 Nxe2
34. Bxe2 Kg7 35. Bd3 Rd8 36. Kc3 Rd6 37. Kd4 f6 38. c4 Be5+ 39. Nxe5 fxe5+ 40.
Kc5 b6+ 41. Kb4 c5+ 42. Kc3 Rf7 43. Kd2 Rxf1 44. Bxf1 Rf6 0-1

[Event "U.S. Amateur North"]
[Site "Detroit, MI"]
[Date "1998.??.??"]
[Round "?"]
[White "Bohland, Jonathon"]
[Black "Vaughn, Gerald"]
[Result "1/2-1/2"]
[WhiteElo "1605"]
[BlackElo "1605"]
[PlyCount "65"]
[EventDate "1998.05.??"]

{5/23} 1. d4 Nf6 2. c4 g6 3. Nc3 Bg7 4. e4 d6 5. Bg5 O-O 6. Qd2 Re8 7. Nf3 e5
8. d5 c6 9. Be2 Qb6 10. O-O Nbd7 11. Be3 Qd8 12. dxc6 Nc5 13. Bxc5 dxc5 14.
Qxd8 Rxd8 15. cxb7 Bxb7 16. Nxe5 Nxe4 17. Nxe4 Bxe4 18. f4 Rd2 19. Bf3 Bxf3 20.
Rxf3 Rxb2 21. Rf2 Rb7 22. Rd1 f6 23. Nf3 Rb4 24. Rc2 Re8 25. Rd5 Bf8 26. g3 Re3
27. Nd2 Ra4 28. Nb3 Rb4 29. Kf2 Re4 30. Nxc5 Rexc4 31. Rxc4 Rxc4 32. Nb3 Rc2+
33. Rd2 1/2-1/2

[Event "U.S. Amateur North"]
[Site "Detroit, MI"]
[Date "1998.??.??"]
[Round "?"]
[White "Bohland, Jonathon"]
[Black "Steen, Harold"]
[Result "0-1"]
[WhiteElo "1605"]
[BlackElo "1685"]
[PlyCount "114"]
[EventDate "1998.05.??"]

{5/24} 1. d4 Nf6 2. c4 g6 3. Nc3 Bg7 4. Bg5 O-O 5. e3 d6 6. Nf3 Nbd7 7. g3 e5
8. Bxf6 Bxf6 9. Bg2 exd4 10. Nxd4 Ne5 11. b3 c5 12. Nde2 Bg4 13. Rc1 Nf3+ 14.
Bxf3 Bxf3 15. O-O Qd7 16. Nd5 Be5 17. Qd2 g5 18. e4 f6 19. Qe3 Bg4 20. f4 Bxe2
21. Qxe2 gxf4 22. gxf4 Bd4+ 23. Kh1 Kh8 24. Rf3 Qg7 25. Qg2 Qh6 26. Qh3 Qg6 27.
Qf5 Rae8 28. Qxg6 hxg6 29. Nc3 Bxc3 30. Rcxc3 Rxe4 31. Rh3+ Kg7 32. Rce3 Rfe8
33. Rxe4 Rxe4 34. Rf3 Re1+ 35. Kg2 Re2+ 36. Rf2 Rxf2+ 37. Kxf2 Kh6 38. Kg3 Kh5
39. h4 a5 40. a4 f5 41. Kh3 Kh6 42. Kg3 Kg7 43. Kf3 Kf6 44. Ke3 Ke6 45. Kd3 d5
46. Ke3 d4+ 47. Kd2 Kf7 48. Ke2 Kg7 49. Kf3 Kh6 50. Kg3 Kh5 51. Kf3 Kxh4 52.
Kg2 Kg4 53. b4 axb4 54. a5 b3 55. a6 bxa6 56. Kf2 b2 57. Ke2 b1=Q 0-1

[Event "U.S. Amateur North"]
[Site "Detroit, MI"]
[Date "1998.??.??"]
[Round "?"]
[White "Bohland, Jonathon"]
[Black "McCarter, Robert"]
[Result "1-0"]
[WhiteElo "1605"]
[BlackElo "1660"]
[PlyCount "95"]
[EventDate "1998.05.??"]

{5/24} 1. d4 d5 2. c4 e6 3. Nc3 Be7 4. Bf4 c6 5. e3 Nf6 6. Bd3 O-O 7. Nf3 Re8
8. O-O Nh5 9. Be5 Nd7 10. c5 Nxe5 11. Nxe5 Nf6 12. f4 Qc7 13. g4 Nd7 14. Qf3
Nxe5 15. fxe5 Bg5 16. b4 Qe7 17. b5 Rf8 18. e4 Bd2 19. Ne2 Qg5 20. exd5 exd5
21. h3 h5 22. Bf5 Be6 23. bxc6 bxc6 24. Kh2 hxg4 25. Qxg4 Qxg4 26. hxg4 Rae8
27. Kg3 Bg5 28. Rh1 g6 29. Bxe6 Rxe6 30. Nf4 Bxf4+ 31. Kxf4 f6 32. exf6 Rfxf6+
33. Kg5 Kg7 34. Rae1 Re4 35. Rxe4 dxe4 36. Re1 Re6 37. Kf4 Rf6+ 38. Ke5 Kf7 39.
Rxe4 g5 40. a4 a5 41. d5 cxd5 42. Kxd5 Rf1 43. c6 Rd1+ 44. Rd4 Rxd4+ 45. Kxd4
Ke6 46. Kc5 Ke7 47. Kb6 Kd8 48. Kb7 1-0

[Event "Michigan Class C"]
[Site "Grand Rapids, MI"]
[Date "1998.??.??"]
[Round "?"]
[White "Bloch, Hermann"]
[Black "Nolan, Brian"]
[Result "1-0"]
[WhiteElo "1605"]
[BlackElo "1605"]
[PlyCount "97"]
[EventDate "1998.01.??"]

1. Nf3 Nf6 2. d4 e6 3. c4 Bb4+ 4. Bd2 Bxd2+ 5. Nbxd2 O-O 6. e3 d5 7. c5 b6 8.
b4 a5 9. bxa5 bxc5 10. dxc5 Rxa5 11. Nb3 Ra8 12. Bd3 Ba6 13. O-O c6 14. Ne1
Nfd7 15. Qc2 Bxd3 16. Nxd3 e5 17. f3 Na6 18. e4 d4 19. a3 Rb8 20. Rfb1 Rb5 21.
a4 Rb8 22. Rb2 Nb4 23. Nxb4 Rxb4 24. Raa2 Qc7 25. Nc1 Rfb8 26. Rxb4 Rxb4 27.
Nd3 Rb8 28. a5 Rb5 29. a6 Ra5 30. Qd2 Rxa2 31. Qxa2 Qa7 32. Qa5 Qb8 33. a7 Qb1+
34. Ne1 h6 35. a8=Q+ Kh7 36. Qc8 Nf6 37. Qf5+ Kh8 38. Qxe5 d3 39. Qd4 Nh5 40.
Qxd3 Qc1 41. Qa8+ Kh7 42. Qa5 Kh8 43. e5 g6 44. Qdc3 Qd1 45. e6+ Kg8 46. exf7+
Kxf7 47. Qc7+ Kg8 48. Qb3+ Qd5 49. Qbb8+ 1-0

[Event "Michigan Class C"]
[Site "Grand Rapids, MI"]
[Date "1998.??.??"]
[Round "?"]
[White "Bloch, Hermann"]
[Black "Asbury, Victor"]
[Result "0-1"]
[WhiteElo "1605"]
[BlackElo "1605"]
[PlyCount "128"]
[EventDate "1998.01.??"]

1. e4 c5 2. Nf3 Nc6 3. Bc4 Nf6 4. Nc3 g6 5. O-O Bg7 6. d3 O-O 7. a4 a6 8. h3
Na5 9. Ba2 d6 10. Be3 Qc7 11. Qd2 c4 12. d4 Bd7 13. e5 Ne8 14. d5 dxe5 15. Ne4
Nd6 16. Nxd6 exd6 17. Qb4 b5 18. axb5 axb5 19. Qd2 Nb7 20. c3 Nc5 21. Bxc5 Qxc5
22. b3 Ra7 23. Rac1 Rfa8 24. b4 Qb6 25. Rc2 e4 26. Nh2 f5 27. Re1 Bxc3 28. Qxc3
Rxa2 29. Rec1 R2a3 30. Qe1 Rd3 31. Rd1 Raa3 32. Nf1 Rxd1 33. Qxd1 Rd3 34. Qa1
Qb7 35. Ra2 Qxd5 36. Ra8+ Kf7 37. Qh8 Qxa8 38. Qxa8 d5 39. Qh8 d4 40. Qxh7+ Ke6
41. Qxg6+ Ke7 42. Qg7+ Ke6 43. Qg6+ Ke7 44. Qg5+ Ke6 45. h4 c3 46. h5 Kd5 47.
Qe7 Kc4 48. h6 c2 49. Qc5+ Kb3 50. h7 Rc3 51. Qxd4 c1=Q 52. h8=Q Rd3 53. Qg8+
Qc4 54. Qxd3+ exd3 55. Nd2+ Kxb4 56. Nxc4 bxc4 57. Qb8+ Bb5 58. Kf1 c3 59. Ke1
Kc4 60. Qg8+ Kb4 61. Qf8+ Kb3 62. Qf7+ Bc4 63. Qb7+ Kc2 64. Qe4 fxe4 0-1

[Event "Michigan Open Reserve"]
[Site "Flint, MI"]
[Date "1998.??.??"]
[Round "?"]
[White "Blaine, Roger"]
[Black "Mohammed, Azziem"]
[Result "0-1"]
[WhiteElo "1700"]
[BlackElo "1770"]
[PlyCount "114"]
[EventDate "1998.09.??"]

1. f4 d5 2. Nf3 Nf6 3. b3 Nc6 4. e3 Bg4 5. Bb5 a6 6. Bxc6+ bxc6 7. Bb2 g6 8.
O-O Bg7 9. d3 O-O 10. Nbd2 c5 11. Qe1 Nd7 12. Bxg7 Kxg7 13. e4 Nb6 14. Ne5 Bc8
15. f5 dxe4 16. dxe4 Qd4+ 17. Qf2 Qxe5 18. fxg6 Qd4 19. gxh7 Kxh7 20. c4 e5 21.
Nf3 Qxf2+ 22. Rxf2 f6 23. Raf1 Nd7 24. Ng5+ Kg6 25. Ne6 Rf7 26. Nxc7 Ra7 27.
Nd5 Bb7 28. Rf3 Kg7 29. Rg3+ Kf8 30. Rh3 Bxd5 31. cxd5 Ke7 32. Rh6 Rb7 33. g4
Rb4 34. Re1 Rd4 35. g5 Rg7 36. h4 fxg5 37. Re6+ Kd8 38. h5 Rd2 39. Rxa6 Kc7 40.
h6 Rh7 41. Rg6 Rxa2 42. Rf1 Ra8 43. Rc6+ Kb7 44. Rd6 Ra6 45. Rxa6 Kxa6 46. Rf5
Rxh6 47. Rxg5 Kb5 48. Rg7 Rd6 49. Kf2 Kb4 50. Rg3 Rf6+ 51. Ke2 Rf4 52. Re3 c4
53. bxc4 Kxc4 54. Ke1 Kd4 55. Ke2 Rxe4 56. Rxe4+ Kxe4 57. d6 Kd5 0-1

[Event "Michigan Open Reserve"]
[Site "Flint, MI"]
[Date "1998.??.??"]
[Round "?"]
[White "Blaine, Roger"]
[Black "Maul, Tim"]
[Result "1-0"]
[WhiteElo "1700"]
[BlackElo "1605"]
[PlyCount "109"]
[EventDate "1998.09.??"]

1. f4 d5 2. Nf3 c5 3. e3 Nc6 4. b3 Nf6 5. Bb2 e6 6. Bb5 a6 7. Bxc6+ bxc6 8. O-O
Be7 9. d3 O-O 10. Qe1 Qb6 11. Nbd2 Nd7 12. c4 Bf6 13. d4 Qa7 14. Ne5 Qc7 15.
Ba3 Bxe5 16. fxe5 f6 17. Qh4 Qa5 18. Nb1 Bb7 19. Qh3 Rfe8 20. exf6 Nxf6 21.
Bxc5 Ne4 22. b4 Qc7 23. Qg4 Nxc5 24. bxc5 Bc8 25. cxd5 exd5 26. Qf3 Qe7 27. Re1
Bd7 28. Nc3 Rf8 29. Qe2 Qf6 30. Na4 Bf5 31. Nb6 Ra7 32. Rf1 Qg6 33. Rf4 Bd3 34.
Rxf8+ Kxf8 35. Qd2 Rf7 36. Rd1 Be4 37. Nc8 Rf6 38. Nd6 Bf3 39. Re1 Re6 40. Rf1
Rf6 41. Rf2 Qb1+ 42. Rf1 Qg6 43. Kh1 Be4 44. Rg1 Bd3 45. Qa5 Kg8 46. Qb6 Bb5
47. Qd8+ Rf8 48. Qe7 Bd3 49. h3 h6 50. Qd7 Bf1 51. Qxc6 Bxg2+ 52. Rxg2 Qh5 53.
Qd7 Qd1+ 54. Kh2 Rf1 55. Qxg7# 1-0

[Event "U.S. Amateur North"]
[Site "Detroit, MI"]
[Date "1998.??.??"]
[Round "?"]
[White "Biondo, S."]
[Black "Nelson, K."]
[Result "0-1"]
[WhiteElo "1605"]
[BlackElo "1605"]
[PlyCount "102"]
[EventDate "1998.05.??"]

{5/23} 1. e4 e5 2. Nf3 Nc6 3. Nc3 Nf6 4. d3 d6 5. Be2 Nd4 6. Nxd4 exd4 7. Nd5
Nxd5 8. exd5 Be7 9. Bd2 O-O 10. O-O c6 11. dxc6 bxc6 12. Bf3 d5 13. g3 Bh3 14.
Bg2 Bxg2 15. Kxg2 Rb8 16. Bf4 Rxb2 17. Be5 Bf6 18. Bxf6 Qxf6 19. Qc1 Rb5 20. a4
Rc5 21. Ra2 a5 22. Qa3 Rc3 23. Qc1 c5 24. Ra3 Rxa3 25. Qxa3 c4 26. dxc4 dxc4
27. Qc5 d3 28. cxd3 cxd3 29. Qxa5 Rd8 30. Rd1 Rd4 31. Qc3 h6 32. Rxd3 Rxa4 33.
Qc2 Ra1 34. Rb3 g6 35. Rb8+ Kg7 36. Qb2 Qxb2 37. Rxb2 f5 38. Rb6 Ra2 39. h4 g5
40. Kf3 Ra3+ 41. Kg2 gxh4 42. gxh4 h5 43. f3 f4 44. Rb7+ Kf6 45. Rb5 Ra2+ 46.
Kh3 Kg6 47. Rb4 Kf5 48. Rb5+ Kg6 49. Rb4 Kf5 50. Rb5+ Kg6 51. Rg5+ Kh6 {
[Remainder unavailable]} 0-1

[Event "U.S. Amateur North"]
[Site "Detroit, MI"]
[Date "1998.??.??"]
[Round "?"]
[White "Biondo, S."]
[Black "McCarter, Robert"]
[Result "0-1"]
[WhiteElo "1605"]
[BlackElo "1660"]
[PlyCount "48"]
[EventDate "1998.05.??"]

{5/23} 1. e4 c5 2. Nf3 d6 3. Nc3 Nc6 4. d3 g6 5. Be2 Bg7 6. Bd2 e6 7. O-O Nge7
8. h3 O-O 9. Bg5 Rb8 10. Bxe7 Qxe7 11. Qd2 b5 12. g4 b4 13. Nd1 Bd7 14. h4 Nd4
15. Nxd4 Bxd4 16. g5 Bc6 17. c3 bxc3 18. bxc3 Bg7 19. Ne3 h6 20. gxh6 Bxh6 21.
Nf5 exf5 22. Qxh6 fxe4 23. dxe4 Qxe4 24. Qg5 Qh1# 0-1

[Event "U.S. Amateur North"]
[Site "Detroit, MI"]
[Date "1998.??.??"]
[Round "?"]
[White "Biondo, S."]
[Black "Hayley, Robert"]
[Result "0-1"]
[WhiteElo "1605"]
[BlackElo "1605"]
[PlyCount "68"]
[EventDate "1998.05.??"]

{5/24} 1. e4 e5 2. Nf3 Nc6 3. Nc3 Nf6 4. d3 Bb4 5. Bd2 O-O 6. Be2 Bc5 7. O-O d5
8. Nxd5 Nxd5 9. exd5 Qxd5 10. c4 Qe6 11. Ng5 Qg6 12. Bh5 Qxd3 13. Be2 Qf5 14.
Bg4 Qxg4 15. Qxg4 Bxg4 16. h3 Be2 17. Rfe1 Bxc4 18. Rec1 b5 19. b3 Nd4 20. Kh2
Ne2 21. Re1 Bd3 22. Nf3 Bxf2 23. Bb4 Bxe1 24. Bxf8 Bg3+ 25. Kh1 Kxf8 26. Rd1
Nf4 27. Nxe5 Re8 28. Nf3 Re2 29. Rf1 Rxg2 30. Rd1 Be2 31. Rd8+ Ke7 32. Rh8 Bxf3
33. Rxh7 Ne2 34. Rxg7 Rg1# 0-1

[Event "U.S. Amateur North"]
[Site "Detroit, MI"]
[Date "1998.??.??"]
[Round "?"]
[White "Biondo, Anthony"]
[Black "Thomas, Johnny"]
[Result "1/2-1/2"]
[WhiteElo "1605"]
[BlackElo "1870"]
[PlyCount "143"]
[EventDate "1998.05.??"]

{5/23} 1. e4 c5 2. Nf3 Nc6 3. Nc3 d6 4. d3 Nf6 5. Bg5 e6 6. Be2 Be7 7. O-O O-O
8. Qd2 a6 9. Rfe1 b5 10. Bf1 b4 11. Ne2 Qc7 12. Ng3 a5 13. c3 Bb7 14. d4 Rfd8
15. Qc2 Rac8 16. Rad1 h6 17. Bd2 cxd4 18. cxd4 Nxd4 19. Qd3 Nxf3+ 20. Qxf3 Qc2
21. Bd3 Qxb2 22. Nh5 Qe5 23. Ng3 g5 24. Nh5 Nxh5 25. Qxh5 Qg7 26. Re3 e5 27.
Rg3 Qg6 28. Qe2 Rc7 29. h4 f6 30. Qf3 Rdc8 31. Qg4 Kf7 32. h5 Qh7 33. Qe2 Qg8
34. f4 Qd8 35. fxg5 fxg5 36. Rf1+ Kg7 37. Rgf3 Qg8 38. Rf7+ Qxf7 39. Rxf7+ Kxf7
40. Qf3+ Bf6 41. Qf5 Rh8 42. Qf1 Rhc8 43. Qe2 Rf8 44. Qe3 Bd8 45. Kh2 Bc8 46.
Bb1 Kg7 47. Qd3 Rf6 48. a3 Bg4 49. axb4 axb4 50. Bxb4 Rc1 51. Ba2 Bxh5 52. Qd5
Bf7 53. Qb7 Rc7 54. Qa8 Bxa2 55. Qxa2 Be7 56. Qd5 Rf4 57. Bxd6 Rh4+ 58. Kg3
Rc3+ 59. Kf2 Rf4+ 60. Ke2 Bxd6 61. Qxd6 Rxe4+ 62. Kf2 Rf4+ 63. Kg1 Rc1+ 64. Kh2
Rh4+ 65. Kg3 Rc3+ 66. Kf2 Rf4+ 67. Ke2 Re4+ 68. Kf1 Rf4+ 69. Kg1 Rc1+ 70. Kh2
Rh4+ 71. Kg3 Rc3+ 72. Kf2 1/2-1/2

[Event "U.S. Amateur North"]
[Site "Detroit, MI"]
[Date "1998.??.??"]
[Round "?"]
[White "Biondo, Anthony"]
[Black "Guo, Josh"]
[Result "0-1"]
[WhiteElo "1605"]
[BlackElo "2080"]
[PlyCount "60"]
[EventDate "1998.05.??"]

{5/23} 1. e4 c5 2. Nf3 d6 3. d4 cxd4 4. Nxd4 Nf6 5. Nc3 g6 6. f3 Bg7 7. Be3 O-O
8. Bc4 Nc6 9. Nde2 Bd7 10. Qd2 Ne5 11. Bb3 Rc8 12. Bh6 Qb6 13. O-O-O Nc4 14.
Bxc4 Rxc4 15. g4 Rfc8 16. h4 Be6 17. Rdg1 Bh8 18. h5 d5 19. Be3 Nxe4 20. fxe4
d4 21. Bxd4 Bxd4 22. Nxd4 Qxd4 23. Qg5 Rxc3 24. bxc3 Qxc3 25. Kd1 Rd8+ 26. Ke2
Bc4+ 27. Kf2 Qxc2+ 28. Kf3 Qe2+ 29. Kf4 Qf2+ 30. Ke5 f6+ 0-1

[Event "U.S. Amateur North"]
[Site "Detroit, MI"]
[Date "1998.??.??"]
[Round "?"]
[White "Biondo, Albert"]
[Black "Perry, Marc"]
[Result "1-0"]
[WhiteElo "1605"]
[BlackElo "1605"]
[PlyCount "51"]
[EventDate "1998.05.??"]

{5/23} 1. e4 e5 2. Nf3 d6 3. Bc4 Nh6 4. d3 Bg4 5. h3 Bxf3 6. Qxf3 f6 7. a3 Nc6
8. Bxh6 Nd4 9. Qd1 gxh6 10. Qh5+ Kd7 11. Qf7+ Qe7 12. Qxe7+ Bxe7 13. Bb3 f5 14.
Nc3 Nxb3 15. cxb3 Rhg8 16. O-O fxe4 17. Nxe4 d5 18. Ng3 Bd6 19. Rfe1 Rae8 20.
Nf5 Rg6 21. b4 e4 22. d4 b6 23. b5 Rf8 24. Ne3 h5 25. Nxd5 Rg5 26. Nc3 {
[Remainder illegible]} 1-0